Catálogo
 En Linea

La restauración dominicana su primer centenario : (Registro nro. 29590)

Detalles MARC
000 -CABECERA
campo de control de longitud fija 01601nam a2200301 i 4500
001 - NÚMERO DE CONTROL
campo de control 000030098
003 - IDENTIFICADOR DEL NÚMERO DE CONTROL
campo de control DO-SdBNP
005 - FECHA Y HORA DE LA ÚLTIMA TRANSACCIÓN
campo de control 20260414133605.0
007 - CAMPO FIJO DE DESCRIPCIÓN FÍSICA--INFORMACIÓN GENERAL
campo de control de longitud fija ta
008 - DATOS DE LONGITUD FIJA--INFORMACIÓN GENERAL
campo de control de longitud fija 110429t1967 dr a 010 0dspa d
040 ## - FUENTE DE LA CATALOGACIÓN
Centro catalogador/agencia de origen DO-SdBNP
Lengua de catalogación spa
Centro/agencia transcriptor BNPHU
Normas de descripción rda
041 ## - CÓDIGO DE LENGUA
Código de lengua del texto/banda sonora o título independiente spa
082 #4 - NÚMERO DE LA CLASIFICACIÓN DECIMAL DEWEY
Número de clasificación 972.9304
Número de documento/Ítem R436d
Número de edición 22
245 03 - MENCIÓN DE TÍTULO
Título La restauración dominicana su primer centenario :
Resto del título homenaje del Ateneo de La Habana, 1963.
264 ## - PRODUCCIÓN, PUBLICACIÓN, DISTRIBUCIÓN, FABRICACIÓN Y COPYRIGHT
Producción, publicación, distribución, fabricación y copyright Santo Domingo de Guzmán, República Dominicana :
Nombre del de productor, editor, distribuidor, fabricante s.n.,
Fecha de producción, publicación, distribución, fabricación o copyright 1967.
300 ## - DESCRIPCIÓN FÍSICA
Extensión 38 páginas :
Otras características físicas ilustraciones ;
Dimensiones 22 cm.
336 ## - TIPO DE CONTENIDO
Término de tipo de contenido texto
Código de tipo de contenido txt
Fuente rdacontent
337 ## - TIPO DE MEDIO
Nombre/término del tipo de medio sin mediación
Código del tipo de medio n
Fuente rdamedia
338 ## - TIPO DE SOPORTE
Nombre/término del tipo de soporte volumen
Código del tipo de soporte nc
Fuente rdacarrier
500 ## - NOTA GENERAL
Nota general A la cabeza de la portada : Juan Pablo Duarte sequiscentenario de su nacimiento, homenaje del Ateneo de Marianao 1963.
505 0# - NOTA DE CONTENIDO CON FORMATO
Nota de contenido con formato Gloria a Dios--
Mención de responsabilidad E. Henríquez García --
Título Adjetivos martianos que califican a Duarte /
Mención de responsabilidad Luis Rodríguez Rivero --
Título Proscriptos y otros poemas /
Mención de responsabilidad Juan Pablo Duarte --
Título La gloriosa restauración dominicana /
Mención de responsabilidad E. Henríquez García --
Título Palabras iniciales del homenaje /
Mención de responsabilidad Dr. José Mª Chacón y Calvo --
Título La guerra de restauración dominicana /
Mención de responsabilidad Juan Jeréz Villareal --
Título A la patria, Dieciseis de agosto, En la muerte de Espaillat (poemas) --
Mención de responsabilidad Salomé Ureña y Henríquez.
590 ## - NOTA LOCAL (RLIN)
Nota local Inventariado, 2023/BT
600 10 - PUNTO DE ACCESO ADICIONAL DE MATERIA--NOMBRE DE PERSONA
Nombre de persona Duarte, Juan Pablo,
Fechas asociadas al nombre 1813-1876
9 (RLIN) 1494
651 #0 - PUNTO DE ACCESO ADICIONAL DE MATERIA--NOMBRE GEOGRÁFICO
Nombre geográfico República Dominicana --
Subdivisión general Historia --
Subdivisión cronológica 1844-1930
9 (RLIN) 1009
651 #0 - PUNTO DE ACCESO ADICIONAL DE MATERIA--NOMBRE GEOGRÁFICO
Nombre geográfico República Dominicana
Subdivisión general Historia
Subdivisión cronológica Restauración 1863-1865
9 (RLIN) 896
910 ## - DATOS DE OPCIÓN DEL USUARIO (OCLC)
Datos de opción del usuario Validado. Control de calidad EMS.
942 ## - ELEMENTOS DE PUNTO DE ACCESO ADICIONAL (KOHA)
Fuente del sistema de clasificación o colocación Dewey Decimal Classification
Tipo de ítem Koha Libro
Existencias
Estado de retiro Estado de pérdida Fuente del sistema de clasificación o colocación Restricciones de uso No para préstamo Código de colección Localización permanente Ubicación/localización actual Ubicación en estantería Fecha de adquisición Signatura topográfica completa Código de barras Fecha visto por última vez Número de copia Precio válido a partir de Tipo de ítem Koha Nota pública
    Dewey Decimal Classification Préstamo en sala   Dominicana de Servicio Biblioteca Nacional Pedro Henríquez Ureña Biblioteca Nacional Pedro Henríquez Ureña Depósito 29.04.2011 BNPHU F-DS 972.9304 R436d 30098-30 25.06.2020 e. 3 25.06.2020 Libro Perteneció a la biblioteca personal de Martinez Boog
    Dewey Decimal Classification Préstamo en sala   Dominicana de Servicio Biblioteca Nacional Pedro Henríquez Ureña Biblioteca Nacional Pedro Henríquez Ureña Depósito 08.06.2011 BNPHU F-DS 972.9304 R436d 30098-40 25.06.2020 e. 4 25.06.2020 Libro  
    Dewey Decimal Classification Préstamo en sala   Dominicana de Servicio Biblioteca Nacional Pedro Henríquez Ureña Biblioteca Nacional Pedro Henríquez Ureña Depósito 16.02.2012 BNPHU F-DS 972.9304 R436d 30098-50 25.06.2020 e. 5 25.06.2020 Folleto  
    Dewey Decimal Classification Excluido de préstamo   Patrimonio Dominicano Biblioteca Nacional Pedro Henríquez Ureña Biblioteca Nacional Pedro Henríquez Ureña Depósito 29.04.2011 BNPHU F-PD 972.9304 R436d 30098-10 25.06.2020   25.06.2020 Libro Perteneció a la biblioteca personal de Carlos Larrazábal Blanco.
    Dewey Decimal Classification Excluido de préstamo   Patrimonio Dominicano Biblioteca Nacional Pedro Henríquez Ureña Biblioteca Nacional Pedro Henríquez Ureña Depósito 29.04.2011 BNPHU F-PD 972.9304 R436d 30098-20 25.06.2020 e. 2 25.06.2020 Libro  

Con tecnología Koha